|
|
|
|
| LEADER |
01000nab#a2200313#ar4500 |
| 001 |
000076965 |
| 003 |
SVKKK |
| 005 |
20100409095614.0 |
| 008 |
080512d1902 xo |||||||||||||||b|hun |
| FMT |
|
|
|
| 038 |
|
|
|a SVKKK
|
| 040 |
|
|
|a SVKKK
|b slo
|e AACR2
|
| 041 |
0 |
|
|a hun
|
| 044 |
|
|
|a xo
|c SK
|
| 080 |
|
|
|a 282
|2 1997
|
| 242 |
1 |
0 |
|a Noví titulárni kanoníci
|y slo
|
| 245 |
1 |
0 |
|a Uj cimzetes kanonokok
|
| 520 |
2 |
|
|a Správa o menovaní dekana Ondreja Lehoczkeho v Snine a Dr. Ferdinanda Schütza v obci Soľ za titulárnych kanonikov
|
| 650 |
0 |
4 |
|a kanonik titulárny (hodnosť cirkevná) - menovania - Lehoczky, Ondrej (hodnostár rímskokatolícky) - Snina (HN) - Schütz, Ferdinand (hodnostár rímskokatolícky) - Soľ (VV) - január 1902 - správy
|
| 655 |
|
4 |
|a hungariká
|
| 773 |
0 |
|
|t Felső-Zemplén : Társadalmi hetilap
|g Roč. 7, č. 4 (23.01.1902) s. 2
|
| 957 |
|
|
|a Snina
|
| 957 |
|
|
|a Soľ
|
| 958 |
|
|
|a DG
|
| 958 |
|
|
|a HU
|
| 974 |
|
|
|a Ba
|
| 992 |
|
|
|a RBX
|
| BAS |
|
|
|
| 998 |
|
|
|a RETRO
|